MPK Włocławek Linia 7 - Statystyki

Ogólne statystyki
  • Ten quiz został rozwiązany 25 razy
  • Średni wynik to 5 z 6
Statystyki odpowiedzi
Lp Przystanek % Poprawnych
4 Plac Wolności
100%
1 Kongsberg
82%
5 Budowlanych
73%
6 Promienna (pętla)
73%
2 Zbiegniewskiej
73%
3 Świętego Antoniego
64%
Nie znaleziono quizów pasujących do podanych kryteriów
Rozkład punktacji
Procent ludzi z każdym wynikiem
Percentyl według liczby udzielonych odpowiedzi
Twoja historia wyników
Nie rozwiązałeś tego quizu